[Event "Maritime op"]
[Site "Halifax CAN"]
[Date "2012.10.08"]
[Round "5"]
[White "McKearney, Ed"]
[Black "McKim, Fred"]
[Result "1-0"]
[WhiteElo "1717"]
[BlackElo "1965"]
[PlyCount "103"]
[GameId "2160767909411935"]
[EventDate "2012.10.06"]
[EventType "swiss"]
[EventRounds "6"]
[EventCountry "CAN"]
[SourceTitle "EXT 2022"]
[Source "ChessBase"]
[SourceDate "2021.10.06"]
[SourceVersion "1"]
[SourceVersionDate "2021.10.06"]
[SourceQuality "1"]

1. d4 Nf6 2. Bf4 d6 3. h3 c6 4. Nd2 g6 5. Ngf3 Bg7 6. e3 O-O 7. Bd3 Nbd7 8. O-O Nh5 9. Bh2 Re8 10. e4 e5 11. dxe5 Nxe5 12. Be2 Nxf3+ 13. Bxf3 Qg5 14. Bxh5 gxh5 15. f4 Qc5+ 16. Kh1 Bxb2 17. Rb1 Bc3 18. Rf3 Bxd2 19. Rg3+ Kh8 20. Bg1 Qc4 21. Qxd2 c5 22. Qxd6 Qe6 23. Qxc5 f6 24. Bd4 Rg8 25. Qc3 Rxg3 26. Bxf6+ Rg7 27. Bxg7+ Kg8 28. Bf6 Kf7 29. e5 b6 30. Rd1 Bd7 31. Qc7 Ke8 32. Rd6 Qf5 33. Qc4 Kf8 34. Bg5 Rc8 35. Rf6+ Qxf6 36. Qxc8+ Bxc8 37. Bxf6 Bf5 38. c3 Kf7 39. h4 Ke6 40. Kg1 Kd5 41. Kf2 Ke4 42. g3 Be6 43. a3 Kd3 44. Be7 Kxc3 45. Ke3 a5 46. Ke4 b5 47. f5 Ba2 48. e6 b4 49. axb4 axb4 50. Bxb4+ Kxb4 51. Ke5 Kc5 52. f6 1-0

[Event "Maritime op"]
[Site "Halifax CAN"]
[Date "2012.10.08"]
[Round "5"]
[White "Pentz, Brian"]
[Black "Wysocki, Antoni"]
[Result "0-1"]
[WhiteElo "1902"]
[BlackElo "2228"]
[PlyCount "102"]
[GameId "2160767909411936"]
[EventDate "2012.10.06"]
[EventType "swiss"]
[EventRounds "6"]
[EventCountry "CAN"]
[SourceTitle "EXT 2022"]
[Source "ChessBase"]
[SourceDate "2021.10.06"]
[SourceVersion "1"]
[SourceVersionDate "2021.10.06"]
[SourceQuality "1"]

1. Nf3 c5 2. c4 Nc6 3. Nc3 Nf6 4. g3 g6 5. Bg2 Bg7 6. O-O O-O 7. d3 d6 8. Bd2 Rb8 9. Qc1 Re8 10. Bh6 Bh8 11. h3 a6 12. a4 Nd4 13. Nxd4 cxd4 14. Nb1 d5 15. b4 e5 16. c5 Bd7 17. Qc2 Rc8 18. Nd2 Qe7 19. Nb3 Bg7 20. Bd2 b6 21. Rfc1 bxc5 22. Nxc5 e4 23. Ra2 e3 24. fxe3 dxe3 25. Be1 Qd6 26. Qd1 Nh5 27. Nxd7 Qxd7 28. Rxc8 Rxc8 29. Rc2 Be5 30. Kh2 Re8 31. Rc5 Qd6 32. Rxd5 Bxg3+ 33. Kh1 Qf4 34. Bf3 Qh4 35. Bxg3 Nxg3+ 36. Kg2 Nf5 37. Qg1 Qg3+ 38. Kf1 Qxh3+ 39. Qg2 Ng3+ 40. Kg1 Qh4 41. Qh2 Nxe2+ 42. Qxe2 Qxb4 43. a5 Qf4 44. d4 Rb8 45. Kg2 h5 46. Re5 h4 47. Qxe3 Qg3+ 48. Kf1 Rb1+ 49. Ke2 Qe1+ 50. Kd3 Rb3+ 51. Ke4 Rxe3+ 0-1

[Event "Maritime op"]
[Site "Halifax CAN"]
[Date "2012.10.08"]
[Round "6"]
[White "Burrows, Zachary"]
[Black "Creamer, Kyle"]
[Result "1/2-1/2"]
[WhiteElo "1973"]
[BlackElo "1604"]
[PlyCount "39"]
[GameId "2160767909411937"]
[EventDate "2012.10.06"]
[EventType "swiss"]
[EventRounds "6"]
[EventCountry "CAN"]
[SourceTitle "EXT 2022"]
[Source "ChessBase"]
[SourceDate "2021.10.06"]
[SourceVersion "1"]
[SourceVersionDate "2021.10.06"]
[SourceQuality "1"]

1. e4 e5 2. f4 exf4 3. Nf3 d6 4. Bc4 h6 5. O-O g5 6. d4 Bg7 7. c3 Nc6 8. b4 Nf6 9. Qd3 O-O 10. Ba3 Re8 11. Nbd2 d5 12. exd5 Nxd5 13. Bxd5 Qxd5 14. Rfe1 Bf5 15. Qf1 Re3 16. Rxe3 fxe3 17. Nc4 e2 18. Qxe2 Nxd4 19. Nxd4 Bxd4+ 20. Kh1 1/2-1/2

[Event "Maritime op"]
[Site "Halifax CAN"]
[Date "2012.10.08"]
[Round "6"]
[White "Cashin, Ken"]
[Black "Pentz, Brian"]
[Result "1/2-1/2"]
[WhiteElo "1754"]
[BlackElo "1902"]
[PlyCount "56"]
[GameId "2160767909411938"]
[EventDate "2012.10.06"]
[EventType "swiss"]
[EventRounds "6"]
[EventCountry "CAN"]
[SourceTitle "EXT 2022"]
[Source "ChessBase"]
[SourceDate "2021.10.06"]
[SourceVersion "1"]
[SourceVersionDate "2021.10.06"]
[SourceQuality "1"]

1. d4 f5 2. Nf3 Nf6 3. Bf4 e6 4. e3 Be7 5. h3 O-O 6. c3 d6 7. Bd3 Qe8 8. O-O Nbd7 9. Nbd2 Bd8 10. Bh2 Kh8 11. e4 fxe4 12. Nxe4 e5 13. Nxf6 gxf6 14. Re1 Qh5 15. Qc2 Rg8 16. Bg3 Nf8 17. Rad1 Bxh3 18. gxh3 Qxf3 19. Be4 Qh5 20. Kh2 c6 21. dxe5 dxe5 22. Bf5 Rg5 23. Rxe5 Bc7 24. Bg4 Qf7 25. Rxg5 fxg5 26. Qf5 Bxg3+ 27. fxg3 Qxf5 28. Bxf5 Re8 1/2-1/2

[Event "Maritime op"]
[Site "Halifax CAN"]
[Date "2012.10.08"]
[Round "6"]
[White "Havik, Victor"]
[Black "McKearney, Ed"]
[Result "1-0"]
[WhiteElo "2094"]
[BlackElo "1717"]
[PlyCount "45"]
[GameId "2160767909411939"]
[EventDate "2012.10.06"]
[EventType "swiss"]
[EventRounds "6"]
[EventCountry "CAN"]
[SourceTitle "EXT 2022"]
[Source "ChessBase"]
[SourceDate "2021.10.06"]
[SourceVersion "1"]
[SourceVersionDate "2021.10.06"]
[SourceQuality "1"]

1. d4 g6 2. e4 Bg7 3. f4 c5 4. dxc5 Qa5+ 5. Bd2 Qxc5 6. Nc3 e6 7. Nf3 Ne7 8. Bd3 a6 9. a4 Nbc6 10. a5 d5 11. Na4 Qa7 12. Nb6 Rb8 13. e5 O-O 14. Be3 d4 15. Nxd4 Nd5 16. Nxc6 bxc6 17. Nxd5 c5 18. Nf6+ Kh8 19. Ne4 Rd8 20. Bxc5 Qb7 21. b4 Bf8 22. O-O Bxc5+ 23. bxc5 1-0

[Event "Maritime op"]
[Site "Halifax CAN"]
[Date "2012.10.08"]
[Round "6"]
[White "Leonard, Anthony"]
[Black "Dorrance, Adam"]
[Result "0-1"]
[WhiteElo "1980"]
[BlackElo "2071"]
[PlyCount "34"]
[GameId "2160767909411940"]
[EventDate "2012.10.06"]
[EventType "swiss"]
[EventRounds "6"]
[EventCountry "CAN"]
[SourceTitle "EXT 2022"]
[Source "ChessBase"]
[SourceDate "2021.10.06"]
[SourceVersion "1"]
[SourceVersionDate "2021.10.06"]
[SourceQuality "1"]

1. e4 c6 2. d4 d5 3. Nc3 dxe4 4. Nxe4 Nd7 5. Ng5 Ngf6 6. Bd3 e6 7. N1f3 Bd6 8. Qe2 h6 9. Ne4 Nxe4 10. Qxe4 Nf6 11. Qe2 Qc7 12. Bd2 b6 13. O-O-O a5 14. Ne5 Bd7 15. f4 Nd5 16. Qg4 Rg8 17. Bh7 Nf6 0-1

[Event "Maritime op"]
[Site "Halifax CAN"]
[Date "2012.10.08"]
[Round "6"]
[White "MacNeil, Walter"]
[Black "Kenney, David"]
[Result "0-1"]
[WhiteElo "1647"]
[BlackElo "1916"]
[PlyCount "94"]
[GameId "2160767909411941"]
[EventDate "2012.10.06"]
[EventType "swiss"]
[EventRounds "6"]
[EventCountry "CAN"]
[SourceTitle "EXT 2022"]
[Source "ChessBase"]
[SourceDate "2021.10.06"]
[SourceVersion "1"]
[SourceVersionDate "2021.10.06"]
[SourceQuality "1"]

1. d4 d5 2. e3 Nf6 3. Nf3 e6 4. Bd3 c5 5. b3 Nc6 6. Bb2 Bd6 7. Ne5 O-O 8. O-O cxd4 9. exd4 Bd7 10. a3 Rc8 11. c4 dxc4 12. Nxc4 Be7 13. Nbd2 Nd5 14. Ne3 g6 15. b4 Bf6 16. Nf3 Bg7 17. Rc1 Nce7 18. Qb3 Bh6 19. Be4 Rxc1 20. Bxc1 Nxe3 21. Bxe3 Bg7 22. Bxb7 Bb5 23. Rc1 Qd7 24. Be4 Nd5 25. Bxd5 exd5 26. Rc5 Bc4 27. Qc3 Rd8 28. Nd2 Qf5 29. Qc1 Qd3 30. Nxc4 dxc4 31. Rxc4 Bxd4 32. Bxd4 Rxd4 33. Rxd4 Qxd4 34. g3 h5 35. Qe3 Qd1+ 36. Kg2 Qa4 37. Qd3 a6 38. Kf3 Qc6+ 39. Ke2 Qe6+ 40. Kf1 Qc6 41. h4 Qc1+ 42. Kg2 Qc6+ 43. Qf3 Qa4 44. Qd3 Qc6+ 45. Kh2 Qa4 46. Qc3 Kf8 47. Qc5+ Ke8 0-1

[Event "Maritime op"]
[Site "Halifax CAN"]
[Date "2012.10.08"]
[Round "6"]
[White "Oliver, Brian"]
[Black "MacNeil, Conrad"]
[Result "0-1"]
[WhiteElo "1504"]
[BlackElo "1565"]
[PlyCount "76"]
[GameId "2160767909411942"]
[EventDate "2012.10.06"]
[EventType "swiss"]
[EventRounds "6"]
[EventCountry "CAN"]
[SourceTitle "EXT 2022"]
[Source "ChessBase"]
[SourceDate "2021.10.06"]
[SourceVersion "1"]
[SourceVersionDate "2021.10.06"]
[SourceQuality "1"]

1. e4 c5 2. Nf3 Nc6 3. d4 cxd4 4. Nxd4 e5 5. Nb5 d6 6. Be3 a6 7. N5c3 Nf6 8. Be2 Be7 9. Nd2 Be6 10. Nc4 Nd7 11. Nd5 b5 12. Nxe7 Qxe7 13. Nxd6+ Kf8 14. c3 Rd8 15. Nf5 Bxf5 16. exf5 Nf6 17. Qc2 Nd5 18. O-O g6 19. Bh6+ Ke8 20. fxg6 hxg6 21. Qc1 Qh4 22. c4 Rxh6 23. h3 Nf4 24. Bf3 Nd4 25. Qe3 Nxf3+ 26. Qxf3 Qg5 27. Kh2 Rd3 28. Qc6+ Kf8 29. Qc8+ Kg7 30. Rg1 Ne2 31. Rge1 Nf4 32. Rg1 Ne2 33. Rge1 Qf4+ 34. Kh1 Qxf2 35. Qg4 Ng3+ 36. Kh2 f5 37. Qg5 Rxh3+ 38. Kxh3 Nf1+ 0-1

[Event "Maritime op"]
[Site "Halifax CAN"]
[Date "2012.10.08"]
[Round "6"]
[White "Wysocki, Antoni"]
[Black "Felix, Chris"]
[Result "1-0"]
[WhiteElo "2228"]
[BlackElo "1959"]
[PlyCount "35"]
[GameId "2160767909411943"]
[EventDate "2012.10.06"]
[EventType "swiss"]
[EventRounds "6"]
[EventCountry "CAN"]
[SourceTitle "EXT 2022"]
[Source "ChessBase"]
[SourceDate "2021.10.06"]
[SourceVersion "1"]
[SourceVersionDate "2021.10.06"]
[SourceQuality "1"]

1. c4 f5 2. g3 Nf6 3. Bg2 e6 4. Nf3 Be7 5. O-O O-O 6. Nc3 d6 7. d3 Nc6 8. Rb1 a5 9. a3 e5 10. b4 Be6 11. b5 Nb8 12. c5 Nd5 13. Bd2 Bf6 14. Nd4 exd4 15. Nxd5 c6 16. bxc6 bxc6 17. Nxf6+ Rxf6 18. Bg5 1-0

[Event "Maurice Fox B"]
[Site "Trois-Rivieres CAN"]
[Date "2012.11.12"]
[Round "2"]
[White "Scatcherd, Steve"]
[Black "Lemyre, Jasmin"]
[Result "1/2-1/2"]
[WhiteElo "1246"]
[BlackElo "1238"]
[PlyCount "86"]
[GameId "2160767909411600"]
[EventDate "2012.11.05"]
[EventType "swiss"]
[EventRounds "5"]
[EventCountry "CAN"]

1. d4 Nf6 2. c4 e6 3. Nc3 Bb4 4. Nf3 d5 5. e3 c5 6. a3 cxd4 7. Nxd4 Bxc3+ 8. bxc3 dxc4 9. Bxc4 e5 10. Nb5 Qxd1+ 11. Kxd1 Na6 12. Nd6+ Ke7 13. Nxf7 Ne4 14. Kc2 Bf5 15. Kb2 Be6 16. Bxe6 Kxe6 17. Nxh8 Rxh8 18. f3 Nf2 19. Rf1 Nd3+ 20. Kb1 Nac5 21. Ra2 Nb3 22. Rc2 Ndxc1 23. Rb2 b6 24. Rxc1 Nxc1 25. Kxc1 Rd8 26. e4 Rd6 27. Rd2 Rxd2 28. Kxd2 Kd6 29. g3 g5 30. h4 h6 31. hxg5 hxg5 32. Ke3 Ke6 33. f4 exf4+ 34. gxf4 gxf4+ 35. Kxf4 b5 36. Ke3 Ke5 37. Kd3 a6 38. c4 bxc4+ 39. Kxc4 Kxe4 40. a4 a5 41. Kb5 Kd5 42. Kxa5 Kc5 43. Ka6 Kc6 1/2-1/2

[Event "Mauricie op"]
[Site "Trois-Rivieres CAN"]
[Date "2012.03.16"]
[Round "1"]
[White "Bleau, John"]
[Black "Chabot, Roland"]
[Result "1/2-1/2"]
[WhiteElo "1988"]
[BlackElo "2146"]
[PlyCount "56"]
[GameId "2160767909575862"]
[EventDate "2012.03.16"]
[EventType "swiss"]
[EventRounds "5"]
[EventCountry "CAN"]
[SourceTitle "EXT 2022"]
[Source "ChessBase"]
[SourceDate "2021.10.06"]
[SourceVersion "1"]
[SourceVersionDate "2021.10.06"]
[SourceQuality "1"]

1. d4 e6 2. Nf3 f5 3. c4 Nf6 4. g3 c6 5. Bg2 d5 6. Qd3 Bd6 7. O-O O-O 8. Nc3 Ne4 9. c5 Bc7 10. Bf4 Nd7 11. Bxc7 Qxc7 12. b4 b6 13. a4 a5 14. cxb6 Qxb6 15. b5 Nxc3 16. Qxc3 cxb5 17. axb5 Qxb5 18. Rfb1 Qa6 19. Bf1 Nf6 20. e3 Qa7 21. Bb5 Bd7 22. Bxd7 Qxd7 23. Rxa5 Rab8 24. Rxb8 Rxb8 25. Ne5 Qb7 26. Qc6 Qxc6 27. Nxc6 Rb1+ 28. Kg2 Rb2 1/2-1/2

[Event "Mauricie op"]
[Site "Trois-Rivieres CAN"]
[Date "2012.03.16"]
[Round "1"]
[White "Castellanos Rodriguez, Renier"]
[Black "Luo, Zhao Yang"]
[Result "1-0"]
[WhiteElo "2522"]
[BlackElo "2072"]
[PlyCount "67"]
[GameId "2160767909575863"]
[EventDate "2012.03.16"]
[EventType "swiss"]
[EventRounds "5"]
[EventCountry "CAN"]
[SourceTitle "EXT 2022"]
[Source "ChessBase"]
[SourceDate "2021.10.06"]
[SourceVersion "1"]
[SourceVersionDate "2021.10.06"]
[SourceQuality "1"]

1. e4 c6 2. d4 d5 3. exd5 cxd5 4. c4 Nf6 5. Nc3 Nc6 6. Bg5 dxc4 7. Bxc4 h6 8. Bh4 e6 9. Nf3 Be7 10. O-O O-O 11. Re1 b6 12. a3 Bb7 13. Ba2 Nh5 14. d5 Bxh4 15. dxc6 Bxc6 16. Ne5 Qxd1 17. Raxd1 Bb7 18. Nb5 Nf4 19. g3 Nh3+ 20. Kf1 Ba6 21. a4 Bf6 22. Nd7 Ng5 23. Nxf8 Kxf8 24. h4 Nf3 25. Re3 Nd4 26. Bc4 Rc8 27. b3 Bxb5 28. axb5 Rc5 29. Re4 Nxb5 30. b4 Rh5 31. Be2 Nc3 32. Bxh5 Nxe4 33. Rd7 g6 34. Bf3 1-0

[Event "Mauricie op"]
[Site "Trois-Rivieres CAN"]
[Date "2012.03.16"]
[Round "1"]
[White "Chiku-Ratte, Olivier-Kenta"]
[Black "Marquis, Paul"]
[Result "0-1"]
[WhiteElo "2116"]
[BlackElo "1918"]
[PlyCount "142"]
[GameId "2160767909575864"]
[EventDate "2012.03.16"]
[EventType "swiss"]
[EventRounds "5"]
[EventCountry "CAN"]
[SourceTitle "EXT 2022"]
[Source "ChessBase"]
[SourceDate "2021.10.06"]
[SourceVersion "1"]
[SourceVersionDate "2021.10.06"]
[SourceQuality "1"]

1. d4 Nf6 2. c4 g6 3. Nc3 Bg7 4. e4 d6 5. f4 O-O 6. Nf3 Na6 7. Be2 e5 8. fxe5 dxe5 9. d5 Nc5 10. Bg5 h6 11. Bxf6 Bxf6 12. b4 Na6 13. a3 c5 14. b5 Nc7 15. Qd2 Bg7 16. Qe3 Qd6 17. O-O f5 18. Nd2 f4 19. Qd3 Ne8 20. Bf3 Nf6 21. Qe2 h5 22. h3 Kh7 23. a4 Kh6 24. Qf2 g5 25. Be2 g4 26. Nb3 b6 27. a5 Rb8 28. axb6 axb6 29. Kh1 gxh3 30. gxh3 Qd7 31. Qh4 Qxh3+ 32. Qxh3 Bxh3 33. Rf2 Bg4 34. Bf3 Bxf3+ 35. Rxf3 Ra8 36. Rff1 Ng4 37. Nd2 Ne3 38. Rg1 Bf6 39. Ra6 Rxa6 40. bxa6 Ra8 41. Ra1 Nc2 42. Ra4 Nd4 43. Nb5 Kg5 44. a7 Bd8 45. Nd6 Kf6 46. Nc8 Kf7 47. Ra6 Ke8 48. Nd6+ Kd7 49. Nb5 Kc8 50. Nxd4 cxd4 51. Nf3 Kb7 52. Ra2 Bf6 53. Rb2 Kxa7 54. Rb5 Rc8 55. d6 Rd8 56. c5 bxc5 57. Rxc5 Rxd6 58. Nxe5 Bxe5 59. Rxe5 d3 60. Ra5+ Kb6 61. Ra1 d2 62. Rd1 Rd4 63. Kg2 Rd3 64. Kf2 Kc5 65. Ke2 Kd4 66. e5 f3+ 67. Kf2 Kxe5 68. Kg3 Ke4 69. Kf2 h4 70. Kg1 Ke3 71. Kf1 h3 0-1

[Event "Mauricie op"]
[Site "Trois-Rivieres CAN"]
[Date "2012.03.16"]
[Round "1"]
[White "Jodoin, Pierre"]
[Black "Roy, Myriam"]
[Result "0-1"]
[WhiteElo "1770"]
[BlackElo "2093"]
[PlyCount "46"]
[GameId "2160767909575865"]
[EventDate "2012.03.16"]
[EventType "swiss"]
[EventRounds "5"]
[EventCountry "CAN"]
[SourceTitle "EXT 2022"]
[Source "ChessBase"]
[SourceDate "2021.10.06"]
[SourceVersion "1"]
[SourceVersionDate "2021.10.06"]
[SourceQuality "1"]

1. e4 c5 2. Nf3 Nc6 3. d4 cxd4 4. Nxd4 Nf6 5. Nc3 d6 6. Bc4 e6 7. Be3 Be7 8. Qe2 a6 9. O-O-O Qc7 10. Bb3 Na5 11. g4 Nxb3+ 12. Nxb3 b5 13. g5 Nd7 14. f4 b4 15. Nb1 a5 16. Rhe1 Ba6 17. Qg2 Rc8 18. Bd4 e5 19. Be3 Bc4 20. N1d2 a4 21. Nxc4 Qxc4 22. Kb1 axb3 23. cxb3 Qa6 0-1

[Event "Mauricie op"]
[Site "Trois-Rivieres CAN"]
[Date "2012.03.16"]
[Round "1"]
[White "Kraiouchkine, Nikita"]
[Black "Zhang, Zhiyuan"]
[Result "1-0"]
[WhiteElo "2327"]
[BlackElo "2055"]
[PlyCount "89"]
[GameId "2160767909575866"]
[EventDate "2012.03.16"]
[EventType "swiss"]
[EventRounds "5"]
[EventCountry "CAN"]
[SourceTitle "EXT 2022"]
[Source "ChessBase"]
[SourceDate "2021.10.06"]
[SourceVersion "1"]
[SourceVersionDate "2021.10.06"]
[SourceQuality "1"]

1. e4 c6 2. c4 d5 3. exd5 cxd5 4. cxd5 Nf6 5. Bb5+ Nbd7 6. Nc3 a6 7. Qa4 Rb8 8. Bxd7+ Bxd7 9. Qb3 b5 10. a3 Bf5 11. Nf3 Qd6 12. d4 Rd8 13. Be3 Nxd5 14. Nxd5 Qxd5 15. Qxd5 Rxd5 16. Rc1 f6 17. O-O Kd7 18. Bf4 e5 19. dxe5 g5 20. Be3 g4 21. Nd4 Rxe5 22. Nxf5 Rxf5 23. Rfd1+ Ke6 24. Rc6+ Kf7 25. Rd7+ Kg6 26. Rd8 Bg7 27. Rxh8 Bxh8 28. Rxa6 Bg7 29. Kf1 Bh6 30. Bd4 Bg5 31. Ke2 h5 32. Bc3 Bf4 33. h3 gxh3 34. gxh3 Bc7 35. Rc6 Bb8 36. Bd4 Be5 37. Bxe5 Rxe5+ 38. Kd3 Rf5 39. Ke3 Kg5 40. b4 Re5+ 41. Kf3 h4 42. Rc5 Rf5+ 43. Ke4 Rxc5 44. bxc5 f5+ 45. Ke5 1-0

[Event "Mauricie op"]
[Site "Trois-Rivieres CAN"]
[Date "2012.03.16"]
[Round "1"]
[White "Laptos, Krzysztof"]
[Black "Lebeau, Gilbert"]
[Result "1-0"]
[WhiteElo "2230"]
[BlackElo "2014"]
[PlyCount "79"]
[GameId "2160767909575867"]
[EventDate "2012.03.16"]
[EventType "swiss"]
[EventRounds "5"]
[EventCountry "CAN"]
[SourceTitle "EXT 2022"]
[Source "ChessBase"]
[SourceDate "2021.10.06"]
[SourceVersion "1"]
[SourceVersionDate "2021.10.06"]
[SourceQuality "1"]

1. d4 Nf6 2. Nf3 d5 3. Bf4 e6 4. e3 c5 5. Nbd2 Bd6 6. Bg3 O-O 7. c3 Nc6 8. Ne5 Qe7 9. Bd3 Nd7 10. f4 f5 11. O-O a6 12. Kh1 Qd8 13. Ndf3 Be7 14. a4 Rb8 15. Qe2 Ndxe5 16. dxe5 c4 17. Bc2 b5 18. axb5 Rxb5 19. Ra2 Rb8 20. Bf2 Kh8 21. Rg1 Rg8 22. g4 g6 23. Ba4 Na5 24. Qe1 Nb3 25. Bxb3 Rxb3 26. Nd4 Rb6 27. Qd1 Bc5 28. b4 cxb3 29. Nxb3 d4 30. e4 fxe4 31. Nxc5 Qd5 32. Qxd4 Qxa2 33. Bh4 Rf8 34. f5 Rb2 35. Bg3 gxf5 36. gxf5 e3 37. c4 Rc2 38. Qh4 Rg8 39. Qf6+ Rg7 40. Bf2 1-0

[Event "Mauricie op"]
[Site "Trois-Rivieres CAN"]
[Date "2012.03.16"]
[Round "1"]
[White "Libersan, Thierry"]
[Black "Sambuev, Bator"]
[Result "0-1"]
[WhiteElo "2084"]
[BlackElo "2568"]
[PlyCount "80"]
[GameId "2160767909575868"]
[EventDate "2012.03.16"]
[EventType "swiss"]
[EventRounds "5"]
[EventCountry "CAN"]
[SourceTitle "EXT 2022"]
[Source "ChessBase"]
[SourceDate "2021.10.06"]
[SourceVersion "1"]
[SourceVersionDate "2021.10.06"]
[SourceQuality "1"]

1. e4 e6 2. d4 d5 3. Nc3 Bb4 4. e5 c5 5. a3 Ba5 6. b4 cxd4 7. Nb5 Bc7 8. f4 Ne7 9. Nf3 Bd7 10. Nbxd4 Nbc6 11. Be3 a5 12. b5 Nxd4 13. Nxd4 a4 14. Bd3 Ba5+ 15. Kf2 Bc3 16. Rb1 Rc8 17. g3 O-O 18. Kg2 Nf5 19. Nxf5 exf5 20. Rf1 d4 21. Bd2 Be6 22. Qe2 b6 23. h4 Bxd2 24. Qxd2 Rc3 25. Kh3 Qd5 26. Ra1 Qc5 27. Rfb1 Rxa3 28. Qc1 Rxa1 29. Rxa1 Ra8 30. Qa3 g6 31. Qxc5 bxc5 32. Ra3 Bd5 33. g4 c4 34. Bf1 fxg4+ 35. Kxg4 f6 36. b6 d3 37. cxd3 c3 38. Rxc3 a3 39. b7 Bxb7 40. d4 Bd5 0-1

[Event "Mauricie op"]
[Site "Trois-Rivieres CAN"]
[Date "2012.03.16"]
[Round "1"]
[White "Marinkovic, Mate"]
[Black "Auger, Bertrand"]
[Result "1-0"]
[WhiteElo "2138"]
[BlackElo "1966"]
[PlyCount "79"]
[GameId "2160767909575869"]
[EventDate "2012.03.16"]
[EventType "swiss"]
[EventRounds "5"]
[EventCountry "CAN"]
[SourceTitle "EXT 2022"]
[Source "ChessBase"]
[SourceDate "2021.10.06"]
[SourceVersion "1"]
[SourceVersionDate "2021.10.06"]
[SourceQuality "1"]

1. c4 c5 2. g3 Nc6 3. Bg2 g6 4. Nc3 Bg7 5. e4 e6 6. Nge2 Nge7 7. O-O O-O 8. d3 b6 9. Rb1 d6 10. a3 Bb7 11. b4 Nd4 12. Nxd4 Bxd4 13. Ne2 Bg7 14. Be3 Qc7 15. Qb3 Rac8 16. Rfd1 Rfd8 17. Rbc1 Qb8 18. d4 cxd4 19. Nxd4 Nc6 20. f4 Nxd4 21. Bxd4 e5 22. Bb2 Qa8 23. Re1 a6 24. Bh3 Rc7 25. Qd3 b5 26. cxb5 Rxc1 27. Bxc1 axb5 28. Bb2 d5 29. Qxb5 dxe4 30. Bxe5 Rd5 31. Qb6 Bxe5 32. fxe5 Rxe5 33. a4 Bc6 34. b5 Be8 35. Qd4 Re7 36. Bg2 f5 37. Bf1 Rd7 38. Bc4+ Kf8 39. Qf6+ Rf7 40. Qh8+ 1-0

[Event "Mauricie op"]
[Site "Trois-Rivieres CAN"]
[Date "2012.03.16"]
[Round "1"]
[White "Poirier, Erik"]
[Black "Bolduc, Steve"]
[Result "0-1"]
[WhiteElo "2028"]
[BlackElo "2310"]
[PlyCount "80"]
[GameId "2160767909575870"]
[EventDate "2012.03.16"]
[EventType "swiss"]
[EventRounds "5"]
[EventCountry "CAN"]
[SourceTitle "EXT 2022"]
[Source "ChessBase"]
[SourceDate "2021.10.06"]
[SourceVersion "1"]
[SourceVersionDate "2021.10.06"]
[SourceQuality "1"]

1. d4 e6 2. c4 b6 3. e4 Bb7 4. Nc3 Bb4 5. Bd3 f5 6. d5 fxe4 7. Bxe4 Nf6 8. Bg5 Bxc3+ 9. bxc3 Na6 10. Ne2 Nc5 11. Bf3 e5 12. Ng3 Qe7 13. O-O d6 14. Ne4 Ncxe4 15. Bxe4 O-O 16. Bf5 h6 17. Be6+ Kh8 18. Be3 Bc8 19. Bxc8 Raxc8 20. Qd3 Rce8 21. Rae1 Ng4 22. Qe4 Nxe3 23. fxe3 Qg5 24. a4 Kg8 25. a5 bxa5 26. h3 Rxf1+ 27. Rxf1 Rf8 28. Rxf8+ Kxf8 29. Kf2 a4 30. c5 a3 31. Qb4 Qf5+ 32. Kg3 a2 33. Qb8+ Kf7 34. Qxc7+ Kg8 35. cxd6 a1=Q 36. d7 Qg1 37. d8=Q+ Kh7 38. Kh4 Qgf2+ 39. g3 Qe4+ 40. Kh5 Qg6+ 0-1

[Event "Mauricie op"]
[Site "Trois-Rivieres CAN"]
[Date "2012.03.16"]
[Round "1"]
[White "Poulin, Mathieu"]
[Black "Djerkovic, Miladin"]
[Result "1-0"]
[WhiteElo "2015"]
[BlackElo "2277"]
[PlyCount "99"]
[GameId "2160767909575871"]
[EventDate "2012.03.16"]
[EventType "swiss"]
[EventRounds "5"]
[EventCountry "CAN"]
[SourceTitle "EXT 2022"]
[Source "ChessBase"]
[SourceDate "2021.10.06"]
[SourceVersion "1"]
[SourceVersionDate "2021.10.06"]
[SourceQuality "1"]

1. d4 d5 2. c4 e6 3. Nc3 Nf6 4. cxd5 exd5 5. Bg5 Be7 6. Qc2 c6 7. e3 O-O 8. Bd3 Nbd7 9. Nf3 Re8 10. O-O g6 11. Rab1 Nh5 12. Bxe7 Qxe7 13. Rfc1 Nhf6 14. Na4 Ne4 15. b4 a6 16. Nc5 Ndf6 17. Ne5 Nd6 18. a4 Ng4 19. Nxg4 Bxg4 20. b5 axb5 21. axb5 cxb5 22. Bxb5 Rec8 23. Bd3 Bd7 24. Qe2 Bc6 25. h3 Ra3 26. Ra1 Rca8 27. Rxa3 Rxa3 28. Qb2 Ra8 29. Qb4 Qd8 30. Bc2 Qa5 31. Rb1 Qxb4 32. Rxb4 Ra1+ 33. Rb1 Rxb1+ 34. Bxb1 Nc4 35. Bc2 Kf8 36. Nd3 Ke7 37. Kh2 Kd6 38. Kg3 Na3 39. Bb3 Bb5 40. Nc5 Bc4 41. Nxb7+ Kc7 42. Nc5 Kd6 43. Ba4 Nb1 44. h4 Nc3 45. Bc2 Nb5 46. Kf4 f6 47. h5 gxh5 48. Bxh7 h4 49. Kg4 Bf1 50. Bd3 1-0

[Event "Mauricie op"]
[Site "Trois-Rivieres CAN"]
[Date "2012.03.16"]
[Round "1"]
[White "Qin, Zi Yi (Joey)"]
[Black "Wu, Qiyou"]
[Result "1-0"]
[WhiteElo "2279"]
[BlackElo "2017"]
[PlyCount "85"]
[GameId "2160767909575872"]
[EventDate "2012.03.16"]
[EventType "swiss"]
[EventRounds "5"]
[EventCountry "CAN"]

1. e4 c5 2. Nf3 d6 3. d4 cxd4 4. Nxd4 Nf6 5. Nc3 g6 6. Be3 Bg7 7. f3 Nc6 8. Qd2 O-O 9. Bc4 Bd7 10. h4 Ne5 11. Bb3 Qa5 12. h5 Nxh5 13. O-O-O Rfc8 14. Bh6 Bxh6 15. Qxh6 Rxc3 16. bxc3 Qxc3 17. Ne2 Nd3+ 18. Rxd3 Qa1+ 19. Kd2 Qxh1 20. g4 Ng3 21. Qxh1 Nxh1 22. Ke3 Bb5 23. c4 Ba6 24. Rd1 Rc8 25. Rxh1 Bxc4 26. Rc1 Be6 27. Bxe6 Rxc1 28. Bxf7+ Kxf7 29. Nxc1 h5 30. g5 e5 31. Ne2 b5 32. Nc3 b4 33. Nb5 Ke6 34. Nxa7 Kd7 35. f4 exf4+ 36. Kxf4 Kc7 37. Nb5+ Kc6 38. Nd4+ Kc5 39. Ne6+ Kc4 40. Nf8 h4 41. Nxg6 h3 42. Kg3 Kd4 43. Nh4 1-0

[Event "Mauricie op"]
[Site "Trois-Rivieres CAN"]
[Date "2012.03.16"]
[Round "1"]
[White "Robichaud, Louis"]
[Black "Hebert, Jean"]
[Result "0-1"]
[WhiteElo "2070"]
[BlackElo "2434"]
[PlyCount "60"]
[GameId "2160767909575873"]
[EventDate "2012.03.16"]
[EventType "swiss"]
[EventRounds "5"]
[EventCountry "CAN"]
[SourceTitle "EXT 2022"]
[Source "ChessBase"]
[SourceDate "2021.10.06"]
[SourceVersion "1"]
[SourceVersionDate "2021.10.06"]
[SourceQuality "1"]

1. e4 e6 2. d3 d5 3. Nd2 Nf6 4. Ngf3 c5 5. g3 Nc6 6. Bg2 Be7 7. O-O b6 8. Re1 Bb7 9. e5 Nd7 10. Nf1 Qc7 11. Bf4 h6 12. h4 O-O-O 13. Qe2 Rdg8 14. h5 g5 15. hxg6 fxg6 16. g4 g5 17. Bg3 Nf8 18. c3 Ng6 19. b4 cxb4 20. cxb4 Bxb4 21. Rec1 Kb8 22. Qb2 Bc5 23. N1d2 Nf4 24. Bf1 h5 25. d4 hxg4 26. dxc5 gxf3 27. Nxf3 g4 28. cxb6 Qxb6 29. Qd2 Nh3+ 30. Bxh3 Rxh3 0-1